[Event "BCF-chT4 0607 (4NCL)"]
[Site "Sunningdale"]
[Date "2006.12.03"]
[Round "4.3"]
[White "Galliano, Alexander"]
[Black "Armstrong, William G"]
[Result "1/2-1/2"]
[WhiteElo "1885"]
[BlackElo "1955"]
[PlyCount "96"]
[EventDate "2006.09.16"]
[EventType "team"]
[EventRounds "11"]
[EventCountry "ENG"]
[SourceTitle "EXT 2008"]
[Source "ChessBase"]
[SourceDate "2007.11.25"]
[SourceVersion "1"]
[SourceVersionDate "2007.11.25"]
[SourceQuality "1"]
[WhiteTeam "W Collective II"]
[BlackTeam "Braille Chess Association"]
[WhiteTeamCountry "ENG"]
[BlackTeamCountry "ENG"]

1. e4 c5 2. c3 d5 3. exd5 Nf6 4. c4 e6 5. dxe6 Bxe6 6. Nf3 Nc6 7. Nc3 Bd6 8. d3 0-0 9. Be2 Re8 10. 0-0 a6 11. Bg5 Be7 12. Qd2 Qc7 13. Bf4 Bd6 14. Bxd6 Qxd6 15. Rad1 Rad8 16. Rfe1 Bf5 17. a3 Ng4 18. h3 Nge5 19. Nh4 Bg6 20. Nxg6 Qxg6 21. Nd5 Nd4 22. Kf1 Qd6 23. Kg1 Re6 24. f4 Nec6 25. Bg4 Ree8 26. Rxe8+ Rxe8 27. Re1 Rxe1+ 28. Qxe1 Kf8 29. Kh1 f5 30. Bh5 g6 31. Bd1 Ne7 32. Nxe7 Qxe7 33. Qxe7+ Kxe7 34. Kg1 Kf6 35. Kf2 b6 36. b4 a5 37. Ke3 h6 38. bxa5 bxa5 39. g4 Ke6 40. gxf5+ gxf5 41. Kf2 Kf6 42. Kg3 Ne6 43. Bf3 Nd4 44. Bd1 Ne6 45. Ba4 Nd4 46. Bb5 Ne2+ 47. Kf2 Nxf4 48. Ke3 Nxh3 1/2-1/2